| 000 | 00682nam a2200241 a 4500 | ||
|---|---|---|---|
| 005 | 20210219153331.0 | ||
| 008 | 991125n 000 0 eng u | ||
| 035 | _aUPN01000091822 | ||
| 222 | _aCHILD DEVELOPMENT | ||
| 245 | _aPeer relatioships and emotional well-being of youngsters with sickle cell disease / Robert B. Noll...[et al] | ||
| 260 | _aCHICAGO EUA | ||
| 300 | _a423-436 | ||
| 362 | _a1996 Vol. 67, no. 2, april | ||
| 653 | 0 | _aEDUCACION PRIMARIA | |
| 653 | 0 | _aGENETICA | |
| 653 | 0 | _aMAESTROS | |
| 653 | 0 | _aNIÑO ADOPTADO | |
| 653 | 0 | _aNIÑOS | |
| 653 | 0 | _aPERSONALIDAD | |
| 700 | _aNOLL. Robert B., coaut. | ||
| 904 |
_aAC _b029633 |
||
| 905 | _aArticulo | ||
| 999 |
_c74144 _d74144 |
||